000 00597pam a2200229 a 4500
001 1006444
005 20180105084827.0
008 871013s1988 njua b 001 0 eng
010 _a 87030455
020 _a0136124747 :
_c$25.00
040 _aDLC
_cDLC
_dDLC
041 _aeng
043 _an-us---
080 _a361.32
082 0 0 _a361.32 SPE
_219
100 1 _a50
101 _aSOC
245 1 0 _aNew directions for social work practice /
_cHarry Specht.
504 _aIncludes bibliographies and indexes.
906 _a7
_bcbc
_corignew
_d1
_eocip
_f19
_gy-gencatlg
942 _2ddc
_cBK
999 _c39815
_d39815